[Event "AUTO-BEG-600"]
[Site "http://www.queenalice.com/game.php?id=1276569"]
[Date "2014.4.27"]
[Round "2"]
[White "Puljiz"]
[Black "volga1"]
[Result "1-0"]
[WhiteElo "1671"]
[BlackElo "1582"]

1. e4 d5 2. exd5 Qxd5 3. Nc3 Qa5 4. Nf3 Bf5 5. Bc4 e6 6. O-O Nf6 7. d4 c6 8. Bf4
Nbd7 9. a3 b5 10. Ba2 Bg4 11. Qd3 Bf5 12. Qd2 Be7 13. Nh4 Bg6 14. Nxg6 hxg6 15.
Rfe1 b4 16. axb4 Qxb4 17. Bxe6 fxe6 18. Rxe6 Kf7 19. Rae1 Rae8 20. Rxc6 Qxb2 21.
h3 Bb4 22. Rxe8 Rxe8 23. Qd3 Bxc3 24. Qc4+ 1-0

[Event "Challenge"]
[Site "http://www.queenalice.com/game.php?id=1288328"]
[Date "2014.6.15"]
[Round "-"]
[White "edemarc"]
[Black "Puljiz"]
[Result "0-1"]
[WhiteElo "1450"]
[BlackElo "1708"]

1. e4 c5 2. d3 d6 3. c4 Nc6 4. Ne2 e6 5. Nbc3 Nf6 6. Bg5 Be7 7. Bh4 O-O 8. Qd2
Nxe4 9. Nxe4 Bxh4 10. g3 Bf6 11. a4 d5 12. Nxc5 dxc4 13. dxc4 Qxd2+ 14. Kxd2
Bxb2 15. Rb1 Ba3 16. Bg2 Bxc5 17. f4 e5 18. Rb5 Bb4+ 19. Ke3 exf4+ 20. Nxf4 a5
21. Kf3 Nd4+ 22. Kf2 Nxb5 23. axb5 a4 24. Nd5 Bc5+ 25. Kf3 b6 26. Re1 Bb7 27.
Kg4 Bxd5 28. Bxd5 Rfe8 29. Ra1 a3 30. h4 Ra7 31. h5 a2 32. Bc6 Re2 33. Kf3 Rb2
34. Ke4 Rb1 35. Rxa2 Rxa2 36. Ke5 Re2+ 37. Be4 Rbe1 38. Kd5 Rxe4 39. Kc6 Rd4 40.
Kb7 Re7+ 41. Ka6 Rxc4 42. h6 Ra4# 0-1

[Event "Challenge"]
[Site "http://www.queenalice.com/game.php?id=1288329"]
[Date "2014.6.15"]
[Round "-"]
[White "edemarc"]
[Black "Puljiz"]
[Result "0-1"]
[WhiteElo "1444"]
[BlackElo "1732"]

1. e4 c5 2. d3 d6 3. c4 g6 4. Nc3 Bg7 5. Nd5 e6 6. Nf4 Nf6 7. f3 O-O 8. Bd2 Nc6
9. Qe2 Nd4 10. Qd1 d5 11. e5 Nd7 12. Nge2 Nxe5 13. Bc3 Nexf3+ 14. gxf3 Nxf3+ 15.
Kf2 d4 16. Bd2 Nxd2 17. Qxd2 Bh6 18. Rg1 e5 19. Kf3 exf4 20. Re1 b6 21. Nxf4
Bb7+ 22. Ke2 Re8+ 23. Kd1 Rxe1+ 24. Kxe1 Qh4+ 25. Qf2 Qxf2+ 26. Kxf2 Bxf4 27. h3
Be3+ 28. Ke1 Bxg1 29. Be2 Re8 30. Kf1 Bg2+ 31. Kxg2 Rxe2+ 32. Kxg1 Rxb2 33. a3
Rb3 34. a4 Rxd3 35. Kg2 Ra3 36. h4 Rxa4 37. h5 gxh5 38. Kh2 Rxc4 39. Kg2 Rc3 40.
Kh2 a5 41. Kg2 a4 42. Kh2 a3 43. Kg2 a2 44. Kh2 a1=Q 45. Kg2 Qb2+ 46. Kf1 Rc1#
0-1

[Event "Challenge"]
[Site "http://www.queenalice.com/game.php?id=1292238"]
[Date "2014.7.3"]
[Round "-"]
[White "ORNELAS"]
[Black "Puljiz"]
[Result "0-1"]
[WhiteElo "1636"]
[BlackElo "1694"]

1. e4 c5 2. Bc4 e6 3. e5 d6 4. Nf3 dxe5 5. Nxe5 Bd6 6. Qh5 Bxe5 7. Bb5+ Bd7 8.
Qxe5 Bxb5 9. Qxg7 Qf6 10. Qxf6 Nxf6 11. d3 Bc6 12. O-O Rg8 13. g3 Nbd7 14. Bf4
Nh5 15. Bd6 O-O-O 16. c4 Ndf6 17. Bxc5 Nf4 18. Be7 Ne2# 0-1

[Event "Challenge"]
[Site "http://www.queenalice.com/game.php?id=1292239"]
[Date "2014.7.3"]
[Round "-"]
[White "ORNELAS"]
[Black "Puljiz"]
[Result "1-0"]
[WhiteElo "1576"]
[BlackElo "1730"]

1. e4 c5 2. Bc4 e6 3. e5 d6 4. Nf3 dxe5 5. Nxe5 a6 6. Qh5 g6 7. Qf3 Nf6 8. O-O
Bg7 9. d3 O-O 10. Bg5 Nbd7 11. Nxd7 Bxd7 12. Nd2 h6 13. Ne4 hxg5 14. Nxg5 Bh6
15. Qg3 Bxg5 16. Qxg5 Nd5 17. Qh6 b5 18. Bxd5 exd5 19. Rae1 Re8 20. h3 Qf6 21.
Rxe8+ Rxe8 22. c3 Re2 23. a3 Rxb2 24. Qe3 Qxc3 25. Qe7 Be6 26. Qe8+ Kg7 27. Qe7
b4 28. axb4 cxb4 29. Qa7 Qxd3 30. Qc5 b3 31. Qa3 Qe2 32. Qa1 Kh7 33. Qc1 Rc2 34.
Qg5 b2 35. Qh4+ Qh5 36. Qb4 Qe5 37. Qb3 Rc1 38. Qa2 Qe2 39. Qxb2 Rxf1+ 40. Kh2
Qxb2 41. Kg3 Qe5+ 42. f4 1-0

[Event "Challenge"]
[Site "http://www.queenalice.com/game.php?id=1293637"]
[Date "2014.7.9"]
[Round "-"]
[White "Candida80"]
[Black "Puljiz"]
[Result "0-1"]
[WhiteElo "1419"]
[BlackElo "1708"]

1. e3 c5 2. Nf3 d5 3. d4 cxd4 4. Nxd4 e5 5. Nb3 f5 6. h4 Nf6 7. Bb5+ Nc6 8. h5
a6 9. Bd3 Bd6 10. f4 O-O 11. h6 g6 12. c4 Nb4 13. Be2 exf4 14. exf4 dxc4 15.
Bxc4+ Kh8 16. O-O b5 17. Be2 Bb7 18. Na5 Bc5+ 19. Kh1 Nfd5 20. Nxb7 Qh4# 0-1

[Event "AUTO-INT-2844"]
[Site "http://www.queenalice.com/game.php?id=1306221"]
[Date "2014.9.5"]
[Round "2"]
[White "Puljiz"]
[Black "dbwright308"]
[Result "1-0"]
[WhiteElo "1767"]
[BlackElo "1834"]

1. d4 d5 2. Nf3 Nc6 3. Bf4 e6 4. Nbd2 Bd6 5. Bxd6 Qxd6 6. e4 dxe4 7. Nxe4 Qb4+
8. c3 Qxb2 9. Rb1 Qxa2 10. Bd3 Qd5 11. Rb5 Qd8 12. Rg5 g6 13. O-O h6 14. Rg3 g5
15. Qb3 f5 16. Nc5 f4 17. Nxe6 Bxe6 18. Qxe6+ Qe7 19. Qb3 Na5 20. Qb5+ c6 21.
Qxa5 b6 22. Qa2 O-O-O 23. Ne5 fxg3 24. hxg3 h5 25. Nxc6 Qc7 26. Nxa7+ Kb8 27.
Nb5 Qd7 28. Ra1 Qb7 29. Be4 Qxe4 30. Qa7+ Kc8 31. Qc7# 1-0

[Event "AUTO-INT-2844"]
[Site "http://www.queenalice.com/game.php?id=1306222"]
[Date "2014.9.5"]
[Round "2"]
[White "dbwright308"]
[Black "Puljiz"]
[Result "0-1"]
[WhiteElo "1847"]
[BlackElo "1732"]

1. e4 c5 2. e5 Nc6 3. f4 d6 4. Nf3 dxe5 5. Nxe5 Nxe5 6. fxe5 Bd7 7. Bc4 e6 8.
O-O Bc6 9. Qh5 g6 10. Qe2 Bg7 11. Kh1 Ne7 12. Qf2 O-O 13. Na3 Bxe5 14. c3 Nf5
15. Qxc5 Qg5 16. Rf2 Qh4 17. h3 Qxh3+ 18. Kg1 Qh2+ 19. Kf1 Qh1+ 20. Ke2 Ng3+ 21.
Ke3 Qh6+ 22. Kd3 Be4# 0-1

[Event "Challenge"]
[Site "http://www.queenalice.com/game.php?id=1312289"]
[Date "2014.10.3"]
[Round "-"]
[White "Puljiz"]
[Black "ATeixeira"]
[Result "0-1"]
[WhiteElo "1736"]
[BlackElo "2139"]

1. e4 c5 2. Nf3 e6 3. d4 cxd4 4. Nxd4 Nc6 5. c4 Qc7 6. Nb5 Qb8 7. Be3 a6 8. N5c3
Nf6 9. f4 d6 10. Nd2 Qc7 11. Bd3 b6 12. O-O Bb7 13. a3 Be7 14. Qe2 Rb8 15. b4
O-O 16. Rac1 Nd7 17. Rf3 Rfe8 18. Rh3 Nf8 19. e5 g6 20. exd6 Bxd6 21. Nce4 Be7
22. c5 bxc5 23. Nxc5 Bxc5 24. Rxc5 Qd8 25. Bxa6 Nd4 26. Qc4 Bxa6 27. Qxa6 Nb3
28. Nxb3 Qd1+ 29. Qf1 Qxb3 30. Bd4 Qa4 31. Qe1 Red8 32. Rd3 Nd7 33. Rc7 Qb5 34.
Qc3 Nb6 35. Bh8 e5 36. Rxd8+ Rxd8 37. Rc5 Qe2 38. h3 Na4 39. Rc8 Qd1+ 40. Kh2
Nxc3 0-1

[Event "AUTO-ADV-3275"]
[Site "http://www.queenalice.com/game.php?id=1319170"]
[Date "2014.10.30"]
[Round "1"]
[White "Puljiz"]
[Black "ArnoBlack"]
[Result "0-1"]
[WhiteElo "1829"]
[BlackElo "1789"]

1. e4 e5 2. Nf3 Nc6 3. Bb5 a6 4. Ba4 b5 5. Bb3 Nf6 6. O-O d6 7. h3 Nxe4 8. Bd5
Bd7 9. Bxe4 g6 10. Bxc6 Bxc6 11. d4 Bxf3 12. Qxf3 Rb8 13. dxe5 Qd7 14. exd6 cxd6
15. Re1+ Kd8 16. Nc3 Be7 17. Nd5 Bf8 18. Bg5+ Kc8 19. Re3 Bg7 20. Bf6 Bxf6 21.
Qxf6 Qd8 22. Rc3+ Kb7 23. Rc7+ Ka8 0-1

[Event "AUTO-ADV-3275"]
[Site "http://www.queenalice.com/game.php?id=1319171"]
[Date "2014.10.30"]
[Round "1"]
[White "ArnoBlack"]
[Black "Puljiz"]
[Result "1-0"]
[WhiteElo "1807"]
[BlackElo "1811"]

1. e4 c5 2. c4 e6 3. Nf3 Nc6 4. a3 Nge7 5. Nc3 d5 6. d4 dxe4 7. Nxe4 cxd4 8. Qd3
Nf5 9. g4 Nd6 10. Nxd4 Nxe4 11. Qxe4 Qxd4 12. Bd3 Qxe4+ 13. Bxe4 Be7 14. O-O O-O
15. Be3 f5 16. gxf5 exf5 17. Bd5+ Kh8 18. Rfe1 Bf6 19. Rab1 Bd7 20. Re2 Rfe8 21.
Rd1 Rad8 22. Red2 h6 23. Bxc6 Bxc6 24. b4 Rxd2 25. Rxd2 1-0

[Event "AUTO-ADV-3275"]
[Site "http://www.queenalice.com/game.php?id=1319172"]
[Date "2014.10.30"]
[Round "1"]
[White "Puljiz"]
[Black "Bruscato"]
[Result "0-1"]
[WhiteElo "1783"]
[BlackElo "2103"]

1. e4 c6 2. d4 d5 3. exd5 cxd5 4. Nf3 Nc6 5. Bd3 Nf6 6. O-O e6 7. c3 Bd6 8. h3
O-O 9. Bg5 Be7 10. Nbd2 h6 11. Bh4 a6 12. Re1 Qc7 13. Ne5 Bd7 14. f4 Rad8 15.
Ndf3 b5 16. Qe2 Na5 17. f5 exf5 18. Nxd7 Rxd7 19. Bxf5 Ne4 20. Bxe4 dxe4 21.
Qxe4 Bxh4 22. Qxh4 Nc4 23. Re2 Nd6 24. Ne5 Re7 25. Rae1 Rfe8 26. Qg4 f5 0-1

[Event "AUTO-ADV-3275"]
[Site "http://www.queenalice.com/game.php?id=1319173"]
[Date "2014.10.30"]
[Round "1"]
[White "Bruscato"]
[Black "Puljiz"]
[Result "1-0"]
[WhiteElo "2027"]
[BlackElo "1789"]

1. d4 Nf6 2. Nc3 e6 3. e4 Bb4 4. Bd3 O-O 5. Bd2 c5 6. dxc5 Bxc5 7. Nf3 Nc6 8.
O-O d5 9. exd5 exd5 10. Bg5 h6 11. Bxf6 Qxf6 12. Nxd5 Qxb2 13. Rb1 Qxa2 14. Re1
Bg4 15. Rxb7 Nd4 16. Ne3 Nxf3+ 17. gxf3 Bh3 18. Rb3 Qa5 19. Kh1 1-0

[Event "AUTO-ADV-3275"]
[Site "http://www.queenalice.com/game.php?id=1319174"]
[Date "2014.10.30"]
[Round "1"]
[White "Puljiz"]
[Black "APSHOOTER"]
[Result "1-0"]
[WhiteElo "1786"]
[BlackElo "1638"]

1. e4 e5 2. Nf3 d6 3. c3 Nf6 4. Qc2 Bg4 5. Be2 h6 6. O-O Nc6 7. d3 Qe7 8. h3 Be6
9. b4 Nd7 10. b5 Nd8 11. d4 Qf6 12. d5 Bxh3 13. gxh3 Nc5 14. Be3 b6 15. Nbd2
Qg6+ 16. Kh2 f5 17. exf5 Qf6 18. Bxc5 bxc5 19. Ne4 Qf7 20. c4 Qd7 21. Nh4 Nf7
22. Ng6 Rg8 23. f6 Ng5 24. Bg4 Qf7 25. Nxg5 hxg5 26. Be6 Qxf6 27. Bxg8 O-O-O 28.
Be6+ Kb7 29. Qf5 Kb6 30. Qxf6 gxf6 31. Nxf8 Rxf8 32. a4 Ka5 33. Rfb1 1-0

[Event "AUTO-ADV-3275"]
[Site "http://www.queenalice.com/game.php?id=1319175"]
[Date "2014.10.30"]
[Round "1"]
[White "APSHOOTER"]
[Black "Puljiz"]
[Result "0-1"]
[WhiteElo "1638"]
[BlackElo "1820"]

1. e4 c5 2. Bc4 e6 3. Nc3 d6 4. Nf3 Nf6 5. h3 Be7 6. d3 O-O 7. Be3 a6 8. a3 d5
9. Bb3 d4 10. Bd2 dxc3 11. Bxc3 Nc6 12. e5 Nd5 13. Qd2 Nxc3 14. Qxc3 b5 15. Rd1
Qc7 16. O-O Bb7 17. Qe1 Rfd8 18. c4 b4 19. a4 Nd4 20. Nxd4 Rxd4 21. Rd2 Rad8 22.
Bc2 a5 23. b3 R8d7 24. f4 g6 25. g4 Qd8 26. g5 Be4 27. Qe3 Bxd3 28. Bxd3 Rxd3
29. Rxd3 Rxd3 30. Qe2 Qd4+ 31. Rf2 Rxh3 32. Qd2 Qe4 33. Rg2 Rd3 34. Re2 Qd4+ 0-1

[Event "AUTO-OPEN-3371"]
[Site "http://www.queenalice.com/game.php?id=1319266"]
[Date "2014.10.30"]
[Round "1"]
[White "Yran"]
[Black "Puljiz"]
[Result "1-0"]
[WhiteElo "2135"]
[BlackElo "1780"]

1. d4 Nf6 2. c4 e6 3. Bg5 Be7 4. Nf3 O-O 5. g3 c5 6. Bg2 cxd4 7. Nxd4 Qa5+ 8.
Bd2 Qb6 9. Nb3 Nc6 10. e3 a5 11. a4 d5 12. cxd5 Nxd5 13. O-O Bf6 14. Nc3 Rd8 15.
Nxd5 exd5 16. Qc2 g6 17. Bc3 Bf5 18. e4 Bxc3 19. exf5 Bg7 20. fxg6 hxg6 21. Rfd1
Nb4 22. Qd2 Rd7 23. Rac1 d4 24. Nc5 Rc7 25. Nd3 1-0

[Event "AUTO-OPEN-3371"]
[Site "http://www.queenalice.com/game.php?id=1319267"]
[Date "2014.10.30"]
[Round "1"]
[White "Puljiz"]
[Black "Yran"]
[Result "0-1"]
[WhiteElo "1778"]
[BlackElo "2136"]

1. e4 c5 2. Nf3 d6 3. d4 cxd4 4. Nxd4 Nf6 5. Bd3 g6 6. O-O Bg7 7. c3 O-O 8. Nd2
Nc6 9. Nc4 Rb8 10. f4 Bd7 11. f5 b5 12. Ne3 Ne5 13. fxg6 hxg6 14. Kh1 b4 15. Rf4
bxc3 16. bxc3 Nxd3 17. Qxd3 e5 18. Rh4 exd4 19. Nf5 Bxf5 0-1

[Event "AUTO-OPEN-3371"]
[Site "http://www.queenalice.com/game.php?id=1319288"]
[Date "2014.10.30"]
[Round "1"]
[White "salso"]
[Black "Puljiz"]
[Result "0-1"]
[WhiteElo "1999"]
[BlackElo "1796"]

1. d4 Nf6 2. e3 e6 3. Bd3 Be7 4. Nd2 O-O 5. f4 c5 6. c3 cxd4 7. exd4 d5 8. Ngf3
a6 9. O-O Bd7 10. Ne5 Nc6 11. Qf3 g6 12. g4 b5 13. f5 Rc8 14. Nxd7 Qxd7 15. Qh3
exf5 16. gxf5 b4 17. Nf3 Ne4 18. Ne5 Nxe5 19. dxe5 Rfd8 20. e6 fxe6 21. fxg6
hxg6 22. Qh6 Bc5+ 23. Be3 Bxe3+ 24. Qxe3 bxc3 25. Bxe4 dxe4 26. Qxe4 cxb2 27.
Qxg6+ Qg7 28. Qxg7+ Kxg7 29. Rab1 Rd2 30. Rf3 Rc1+ 31. Rf1 Rxb1 0-1

[Event "AUTO-OPEN-3371"]
[Site "http://www.queenalice.com/game.php?id=1319289"]
[Date "2014.10.30"]
[Round "1"]
[White "Puljiz"]
[Black "salso"]
[Result "0-1"]
[WhiteElo "1795"]
[BlackElo "2049"]

1. e4 e5 2. Nf3 d6 3. d4 Nd7 4. dxe5 dxe5 5. Bc4 c6 6. O-O Be7 7. Qe2 Ngf6 8.
Nc3 Qc7 9. Bg5 b5 10. Bb3 Nc5 11. h3 a5 12. a4 b4 13. Bxf6 Bxf6 14. Rfd1 bxc3
15. bxc3 Nxb3 16. cxb3 Be6 17. b4 O-O 18. Rdb1 g5 19. b5 g4 20. hxg4 Bxg4 21. c4
Be7 22. Qe3 Bxf3 23. Qxf3 Rfd8 24. Rb3 Rd6 25. Qh5 Rg6 26. Rh3 h6 27. Re1 cxb5
28. Ree3 Qxc4 29. Reg3 Qc1+ 30. Kh2 Ra6 31. Qxe5 Re6 32. Rxg6+ Rxg6 33. Qxe7
Qf4+ 34. Rg3 bxa4 35. Qe8+ Kg7 0-1

[Event "AUTO-OPEN-3371"]
[Site "http://www.queenalice.com/game.php?id=1319302"]
[Date "2014.10.30"]
[Round "1"]
[White "Puljiz"]
[Black "josebaron"]
[Result "1-0"]
[WhiteElo "1753"]
[BlackElo "1942"]

1. e4 e5 2. Nf3 Nc6 3. Bb5 d6 4. c3 Be7 5. O-O Nf6 6. Re1 Bd7 7. d4 exd4 8. cxd4
a6 9. Ba4 b5 10. Bb3 Na5 11. e5 Nxb3 12. exf6 gxf6 13. axb3 Bg4 14. Qd3 Bh5 15.
Bh6 Bg6 16. Qc3 Qd7 17. Nbd2 O-O-O 18. Rxa6 Kb7 19. Rea1 Ra8 20. Qa5 Qc6 21.
Rxa8 Qc1+ 22. Rxc1 Rxa8 23. Rxc7+ 1-0

[Event "AUTO-OPEN-3371"]
[Site "http://www.queenalice.com/game.php?id=1319303"]
[Date "2014.10.30"]
[Round "1"]
[White "josebaron"]
[Black "Puljiz"]
[Result "1-0"]
[WhiteElo "1938"]
[BlackElo "1777"]

1. e4 c5 2. Bc4 e6 3. Nc3 d6 4. d3 Nf6 5. Nf3 Be7 6. O-O O-O 7. a4 d5 8. exd5
exd5 9. Bb3 d4 10. Ne4 Nxe4 11. dxe4 Bg4 12. h3 Bh5 13. Re1 Nc6 14. e5 d3 15.
cxd3 Bxf3 16. Qxf3 Nd4 17. Qd1 Bg5 18. Bxg5 Qxg5 19. Bd5 Rab8 20. Rc1 b6 21. Re4
Rbd8 22. Bc4 Nf3+ 23. Kh1 Nxe5 24. f4 Nxd3 25. Bxd3 Qg3 26. Rc3 Rd6 27. Qe2 c4
28. Rexc4 Rfd8 29. Bxh7+ 1-0